Chemical Formulas - Statistics

General Stats
  • This quiz has been taken 80 times
  • The average score is 7 of 10
Answer Stats
Hint Answer % Correct
Water H2O
100%
Carbon Monoxide CO
96%
Carbon Dioxide CO2
96%
Salt NaCl
83%
Ammonia NH3
79%
Methane CH4
71%
Sulfuric Acid H2SO4
65%
Glucose C6H12O6
60%
Propane C3H8
49%
Vinegar C2H4O2
21%
No matching quizzes found
Score Distribution
Percent of People with Each Score
Percentile by Number Answered
Your Score History
You have not taken this quiz